000
00308nam a2200145Ia 4500
100
_a
Kumbhojkar/G.v
650
_a
Engineering Mathematics
942
_c
BK
366
_f
15
245
_a
Engineering Mathematics-II
260
_b
P.Jamnadas
_c
2019
082
_a
510
_b
KUM
546
_a
ENGLISH
999
_c
34764
_d
34764